<?xml version="1.0" encoding="UTF-8"?>
<record
    xmlns:xsi="http://www.w3.org/2001/XMLSchema-instance"
    xsi:schemaLocation="http://www.loc.gov/MARC21/slim http://www.loc.gov/standards/marcxml/schema/MARC21slim.xsd"
    xmlns="http://www.loc.gov/MARC21/slim">

  <leader>01179nam0a22003011  4500</leader>
  <controlfield tag="001">rc\2230376</controlfield>
  <controlfield tag="005">20250623065207.0</controlfield>
  <datafield tag="035" ind1=" " ind2=" ">
    <subfield code="a">(NLR Aleph) 006646696</subfield>
  </datafield>
  <datafield tag="090" ind1=" " ind2=" ">
    <subfield code="a">4750849</subfield>
    <subfield code="c">4750849</subfield>
  </datafield>
  <datafield tag="100" ind1=" " ind2=" ">
    <subfield code="a">20110829d1978    |||y0rusy50      ca</subfield>
  </datafield>
  <datafield tag="101" ind1="0" ind2=" ">
    <subfield code="a">rus</subfield>
  </datafield>
  <datafield tag="102" ind1=" " ind2=" ">
    <subfield code="a">RU</subfield>
  </datafield>
  <datafield tag="105" ind1=" " ind2=" ">
    <subfield code="a">y   z   |||a|</subfield>
  </datafield>
  <datafield tag="200" ind1="1" ind2=" ">
    <subfield code="a">&#x421;&#x43E;&#x43B;&#x43D;&#x446;&#x435; &#x437;&#x430;&#x433;&#x43E;&#x440;&#x430;&#x435;&#x442;&#x441;&#x44F; &#x437;&#x430; &#x421;&#x43E;&#x436;&#x435;&#x43C;</subfield>
    <subfield code="e">&#x418;&#x437;&#x431;&#x440;. &#x441;&#x442;&#x438;&#x445;&#x438;</subfield>
    <subfield code="f">[&#x41F;&#x440;&#x435;&#x434;&#x438;&#x441;&#x43B;. &#x411;. &#x411;&#x443;&#x440;&#x44C;&#x44F;&#x43D;&#x430;]</subfield>
  </datafield>
  <datafield tag="210" ind1=" " ind2=" ">
    <subfield code="a">&#x41C;&#x438;&#x43D;&#x441;&#x43A;</subfield>
    <subfield code="c">&#x41C;&#x430;&#x441;&#x442;&#x430;&#x446;. &#x43B;i&#x442;.</subfield>
    <subfield code="d">1978</subfield>
  </datafield>
  <datafield tag="215" ind1=" " ind2=" ">
    <subfield code="a">191 &#x441;.</subfield>
    <subfield code="d">17</subfield>
  </datafield>
  <datafield tag="300" ind1=" " ind2=" ">
    <subfield code="a">&#x41D;&#x430; &#x43E;&#x431;&#x43B;. &#x430;&#x432;&#x442;. &#x43D;&#x435; &#x443;&#x43A;&#x430;&#x437;&#x430;&#x43D;</subfield>
  </datafield>
  <datafield tag="327" ind1="1" ind2=" ">
    <subfield code="a">&#x421;&#x43E;&#x434;&#x435;&#x440;&#x436;.: &#x421;&#x442;&#x438;&#x445;&#x438; &#x440;&#x430;&#x437;&#x43D;&#x44B;&#x445; &#x43B;&#x435;&#x442;; &#x418;&#x437; &#x43A;&#x43D;&#x438;&#x433; "&#x41B;&#x43E;&#x43A;&#x43E;&#x442;&#x44C; &#x434;&#x440;&#x443;&#x433;&#x430;", "&#x420;&#x443;&#x447;&#x435;&#x435;&#x43A;", "&#x421;&#x43B;&#x435;&#x434;&#x44B; &#x43D;&#x430; &#x43E;&#x442;&#x43C;&#x435;&#x43B;&#x438;"</subfield>
  </datafield>
  <datafield tag="464" ind1=" " ind2="0">
    <subfield code="1">2001#$a&#x421;&#x442;&#x438;&#x445;&#x438; &#x440;&#x430;&#x437;&#x43D;&#x44B;&#x445; &#x43B;&#x435;&#x442;$a&#x41B;&#x43E;&#x43A;&#x43E;&#x442;&#x44C; &#x434;&#x440;&#x443;&#x433;&#x430;$a&#x420;&#x443;&#x447;&#x435;&#x435;&#x43A;$a&#x421;&#x43B;&#x435;&#x434;&#x44B; &#x43D;&#x430; &#x43E;&#x442;&#x43C;&#x435;&#x43B;&#x438;</subfield>
    <subfield code="t">&#x421;&#x43B;&#x435;&#x434;&#x44B; &#x43D;&#x430; &#x43E;&#x442;&#x43C;&#x435;&#x43B;&#x438;</subfield>
  </datafield>
  <datafield tag="700" ind1=" " ind2="1">
    <subfield code="a">&#x422;&#x438;&#x442;&#x43E;&#x432;</subfield>
    <subfield code="b">&#x41A;.&#x41C;.</subfield>
    <subfield code="f">1905-1972</subfield>
    <subfield code="g">&#x41A;&#x43E;&#x43D;&#x441;&#x442;&#x430;&#x43D;&#x442;&#x438;&#x43D; &#x41C;&#x430;&#x440;&#x43A;&#x43E;&#x432;&#x438;&#x447;</subfield>
  </datafield>
  <datafield tag="702" ind1=" " ind2="1">
    <subfield code="a">&#x411;&#x443;&#x440;&#x44C;&#x44F;&#x43D;</subfield>
    <subfield code="b">&#x411;.</subfield>
    <subfield code="4">080</subfield>
  </datafield>
  <datafield tag="801" ind1=" " ind2="0">
    <subfield code="a">RU</subfield>
    <subfield code="b">NLR</subfield>
    <subfield code="g">psbo</subfield>
  </datafield>
  <datafield tag="801" ind1=" " ind2="1">
    <subfield code="a">RU</subfield>
    <subfield code="b">ELAR</subfield>
    <subfield code="2">rusmarc</subfield>
  </datafield>
  <datafield tag="852" ind1=" " ind2=" ">
    <subfield code="a">NLR</subfield>
    <subfield code="j">78-2/1992</subfield>
  </datafield>
  <datafield tag="899" ind1=" " ind2=" ">
    <subfield code="a">RuMoRGB</subfield>
    <subfield code="j">&#x411; 78-42/1078</subfield>
  </datafield>
  <datafield tag="899" ind1=" " ind2=" ">
    <subfield code="a">RuMoRGB</subfield>
    <subfield code="j">&#x411; 78-42/1079</subfield>
  </datafield>
  <datafield tag="942" ind1=" " ind2=" ">
    <subfield code="c">BOOK</subfield>
  </datafield>
  <datafield tag="980" ind1=" " ind2=" ">
    <subfield code="a">NB</subfield>
  </datafield>
  <datafield tag="995" ind1=" " ind2=" ">
    <subfield code="5">2013-10-26</subfield>
    <subfield code="b">NLR01</subfield>
    <subfield code="c">NLR01</subfield>
    <subfield code="e">RF91</subfield>
    <subfield code="f">6646696-20</subfield>
    <subfield code="k">78-2/1992</subfield>
    <subfield code="o">0</subfield>
    <subfield code="r">BOOK</subfield>
    <subfield code="s">7821992_</subfield>
  </datafield>
</record>
